00928cam a2200229Ia 4500999001500000001000900015003000600024005001700030008004100047040003000088082001500118090002500133100004700158240001800205245010400223260006000327300002000387500013700407650002200544942001200566952012000578 c4418d441810954111OCoLC20181205170650.0840716q19601969ilu 000 0 eng d aNDDcNDDdKMAdOCLCQdMZN a243bT694P aBV4520.U57bT67 19601 aTorrey, R. A.q(Reuben Archer),d1856-192810aPersonal work10aPersonal work :bpart I of How to work for Christ, a compendium of effective methods /cR.A. Torrey aWheaton, Ill. :bSword of the Lord Publishers,c[196-?] a179 p. ;c21 cm a"This volume ... is Part I of the author's more comprehensive book ... presented in this form for special use as a textbook"--P. [8] 0aEvangelistic work 2ddccBK 00102ddc40718NFICaHMCbHMCcGENd2018-12-05g120.00l0o243 T694Pp005031r2018-12-05 00:00:00w2018-12-05yBK